[Event "TCh-RUS HL 2022"]
[Site "Sochi RUS"]
[Date "2022.05.04"]
[Round "4.3"]
[Board "4"]
[White "Yudin, Ivan"]
[Black "Vetokhin, Savva"]
[Result "1/2-1/2"]
[WhiteTitle "FM"]
[BlackTitle "FM"]
[WhiteElo "2303"]
[BlackElo "2383"]
[WhiteTeam "Shkola im. M.M. Botvinnika (g. Moskva)"]
[BlackTeam "Russkaya shakhmatnaya shkola-1 (g. Moskva)"]
[WhiteFideId "4198751"]
[BlackFideId "44144474"]
[EventDate "2022.05.01"]

1. e4 c5 2. Nf3 d6 3. d4 cxd4 4. Nxd4 Nf6 5. Nc3 Nc6 6. Bg5 e6 7. Qd2 a6 8.
O-O-O Bd7 9. f4 b5 10. Bxf6 gxf6 11. Kb1 Qb6 12. Nxc6 Bxc6 13. f5 b4 14. Ne2 e5
15. Ng3 h5 16. Bc4 h4 17. Nf1 Bxe4 18. Qe2 d5 19. Bxd5 Bxd5 20. Rxd5 Bh6 21. Nd2
Bxd2 22. Qxd2 O-O 23. Rd1 Rac8 24. Qe2 Rfd8 25. Qg4+ Kf8 26. Rxd8+ Rxd8 27.
Rxd8+ Qxd8 28. Qxb4+ Kg7 29. Qg4+ Kf8 30. b3 Qd2 31. Qe4 h3 32. gxh3 Qxh2 33. h4
Kg7 34. b4 Kh6 35. a4 Qf2 36. Kb2 Qf1 37. Qd3 Qe1 38. b5 axb5 39. axb5 Qb4+ 40.
Qb3 Qd4+ 41. Qc3 Qb6 42. Qc4 e4 43. Qxe4 Qxb5+ 44. Kc3 Kg7 45. Kd2 Qb2 46. Kd3
Qb1 47. Kd4 Qb6+ 48. Kc4 Qa6+ 49. Kb3 Qb5+ 50. Kc3 Qb6 51. Qg4+ Kh7 52. Qd4 Qa5+
53. Kd3 Kg7 54. c4 Qxf5+ 55. Qe4 Qh3+ 56. Kd4 f5 57. Qf4 Qh1 58. Kc5 f6 59. Qxf5
Qxh4 60. Qd7+ 1/2-1/2

[Event "TCh-RUS HL 2022"]
[Site "Sochi RUS"]
[Date "2022.05.04"]
[Round "4.4"]
[Board "1"]
[White "Shomoev, Anton"]
[Black "Belyakov, Bogdan"]
[Result "1-0"]
[WhiteTitle "GM"]
[BlackTitle "IM"]
[WhiteElo "2576"]
[BlackElo "2457"]
[WhiteTeam "Yuzhnyy Ural - 2 (Chelyabinskaya oblast)"]
[BlackTeam "Qmal (QNAO)"]
[WhiteFideId "4135148"]
[BlackFideId "24104795"]
[EventDate "2022.05.01"]

1. e4 e5 2. Nf3 Nc6 3. Bb5 Nf6 4. O-O Nxe4 5. d4 Nd6 6. Bxc6 dxc6 7. dxe5 Nf5 8.
Qxd8+ Kxd8 9. h3 Ke8 10. Nc3 h5 11. Ne2 b6 12. Bg5 c5 13. Nc3 Bb7 14. Rad1 Bxf3
15. gxf3 c6 16. f4 Nd4 17. b4 Nf3+ 18. Kg2 Nxg5 19. fxg5 cxb4 20. Ne2 Bc5 21. f4
Rd8 22. f5 h4 23. Kf3 Rd5 24. Rxd5 cxd5 25. Rd1 Kd7 26. Rxd5+ Kc6 27. Nf4 a5 28.
Ke4 a4 29. g6 fxg6 30. Nxg6 Re8 31. e6 Kb5 32. Ne5 a3 33. Rd7 Rg8 34. Kd5 Rf8
35. Rf7 Rd8+ 36. Nd7 b3 37. cxb3 Kb4 38. Rxg7 Kc3 39. Rg2 Be7 40. Ke5 Rh8 41.
Nxb6 1-0

[Event "TCh-RUS HL 2022"]
[Site "Sochi RUS"]
[Date "2022.05.04"]
[Round "4.4"]
[Board "2"]
[White "Savitskiy, Sergey"]
[Black "Baigildin, Albert"]
[Result "1-0"]
[WhiteTitle "IM"]
[WhiteElo "2401"]
[BlackElo "2301"]
[WhiteTeam "Qmal (QNAO)"]
[BlackTeam "Yuzhnyy Ural - 2 (Chelyabinskaya oblast)"]
[WhiteFideId "24105660"]
[BlackFideId "4131541"]
[EventDate "2022.05.01"]

1. e4 e5 2. Nf3 Nc6 3. Bb5 a6 4. Ba4 Nf6 5. O-O b5 6. Bb3 Bc5 7. c3 d6 8. d4 Bb6
9. h3 h6 10. a4 Bb7 11. Re1 O-O 12. axb5 axb5 13. Rxa8 Qxa8 14. d5 Ne7 15. Na3
Rd8 16. Qe2 c6 17. dxc6 Bxc6 18. Bc2 Qb7 19. Bd3 Ng6 20. Nxb5 Nh5 21. c4 Nhf4
22. Qc2 Bxb5 23. cxb5 Nxd3 24. Qxd3 d5 25. exd5 Rxd5 26. Qe4 Qd7 27. h4 h5 28.
Ng5 Bd8 29. b6 Bxb6 30. Qf3 Nxh4 31. Qxh5 Ng6 32. Be3 Bxe3 33. fxe3 e4 34. Ra1
Qd8 35. Qh7+ Kf8 36. Ne6+ fxe6 37. Qxg6 Rd1+ 38. Rxd1 Qxd1+ 39. Kh2 Qb3 40. Qxe4
Qxb2 41. Qxe6 Qb8+ 42. Kh3 Qb1 43. Kg4 Qe1 44. g3 Qg1 45. Qf5+ Ke7 46. Qf4 Qa1
47. Kh5 Qa6 48. g4 Qd3 49. e4 Qa6 50. e5 Qc6 51. Qg5+ Kf7 52. Qf5+ Ke7 53. Qg5+
Kf7 54. Qf4+ Kg8 55. Kh4 Qh1+ 56. Kg5 Qc6 57. Kf5 Kf7 58. Qe4 Qg6+ 59. Kf4 Qh6+
60. Kg3 Qb6 61. Qd5+ Ke7 62. g5 g6 63. Kf3 Qa6 64. Kf4 Qf1+ 65. Qf3 Qc1+ 66. Qe3
Qc4+ 67. Kg3 Qc6 68. Qf3 Qe6 69. Qb7+ Kf8 70. Qb8+ Ke7 71. Qc7+ Ke8 72. Kh4 Kf8
73. Qd8+ Qe8 74. Qxe8+ Kxe8 75. Kg4 Kd7 76. Kf4 Kc6 77. Ke4 Kc5 78. e6 Kd6 79.
e7 Kxe7 1-0

[Event "TCh-RUS HL 2022"]
[Site "Sochi RUS"]
[Date "2022.05.04"]
[Round "4.4"]
[Board "3"]
[White "Matsenko, Andrei"]
[Black "Potapov, Pavel"]
[Result "1/2-1/2"]
[WhiteTitle "FM"]
[BlackTitle "GM"]
[WhiteElo "2242"]
[BlackElo "2481"]
[WhiteTeam "Yuzhnyy Ural - 2 (Chelyabinskaya oblast)"]
[BlackTeam "Qmal (QNAO)"]
[WhiteFideId "24146501"]
[BlackFideId "4169786"]
[EventDate "2022.05.01"]

1. e4 c5 2. Nf3 Nc6 3. Nc3 e5 4. Bc4 Be7 5. d3 d6 6. Nd2 Nf6 7. Nf1 Nd7 8. Ne3
Nb6 9. Ned5 O-O 10. O-O Nxd5 11. Nxd5 Bg5 12. f4 exf4 13. Bxf4 Bxf4 14. Rxf4 Be6
15. Qh5 Ne5 16. Raf1 Ng6 17. R4f2 Qd7 18. Ne3 Rae8 19. b3 b5 20. Bd5 Bxd5 21.
Nxd5 Re5 22. Rf5 f6 23. R1f3 Ne7 24. Rxe5 dxe5 25. Qh3 Rd8 26. Qxd7 Rxd7 27.
Nxe7+ Rxe7 28. Rf1 Kf7 29. Kf2 Ke6 30. Ke3 h5 31. c3 Rc7 32. Rc1 g6 33. g3 f5
34. c4 b4 35. a3 bxa3 36. Ra1 a5 37. Rxa3 Ra7 38. Ra1 Kf6 39. h4 Ke6 40. Ra2 Kd6
41. Rf2 Rf7 42. Ra2 Ra7 43. Rf2 Ke6 44. Ra2 Kd6 45. Rf2 Ke6 1/2-1/2

[Event "TCh-RUS HL 2022"]
[Site "Sochi RUS"]
[Date "2022.05.04"]
[Round "4.4"]
[Board "4"]
[White "Semenova, Elena1"]
[Black "Safin, Timur"]
[Result "1-0"]
[WhiteTitle "WIM"]
[WhiteElo "2280"]
[BlackElo "2203"]
[WhiteTeam "Qmal (QNAO)"]
[BlackTeam "Yuzhnyy Ural - 2 (Chelyabinskaya oblast)"]
[WhiteFideId "24125148"]
[BlackFideId "34134937"]
[EventDate "2022.05.01"]

1. e4 e6 2. d4 d5 3. Nc3 dxe4 4. Nxe4 Nd7 5. Nf3 Ngf6 6. Nxf6+ Nxf6 7. Bg5 h6 8.
Be3 Nd5 9. Bd2 c5 10. Bb5+ Bd7 11. Bxd7+ Qxd7 12. c4 Nb6 13. Rc1 cxd4 14. c5 Nd5
15. Ne5 Qb5 16. a4 Qxb2 17. Qf3 O-O-O 18. Nxf7 Be7 19. Nxh8 Rxh8 20. Qe4 Rd8 21.
Qc2 Qxc2 22. Rxc2 Kd7 23. O-O Rc8 24. Rb2 Kc6 25. Re1 Nc7 26. Bf4 Bxc5 27. Be5
g5 28. Bxc7 Rxc7 29. Rxe6+ Kd5 30. Rxh6 d3 31. Kf1 Kd4 32. Ke1 Ba3 33. Rb1 Rc2
34. Rh7 b6 35. Rd7+ Kc3 36. Rd1 Re2+ 37. Kf1 Rd2 38. Rxd2 Kxd2 39. Rxa7 Kc2 40.
Rd7 Bb4 41. h3 Bc3 42. g3 Bf6 43. Rd6 Be5 44. Rd8 Bb2 45. Rd5 Bf6 46. Rd7 Be5
47. h4 gxh4 48. gxh4 Bf6 49. h5 Bg5 50. Rd5 Bf4 51. Rd4 Be5 52. Rd8 Bf6 53. Rd6
Be5 54. Rd8 Bf6 55. Rd5 Bg7 56. f4 Bh6 57. f5 Bg5 58. Rd7 Kd2 59. Kf2 Be3+ 60.
Kf3 1-0

[Event "TCh-RUS HL 2022"]
[Site "Sochi RUS"]
[Date "2022.05.05"]
[Round "5.1"]
[Board "1"]
[White "Belyakov, Bogdan"]
[Black "Balashov, Yuri S"]
[Result "1/2-1/2"]
[WhiteTitle "IM"]
[BlackTitle "GM"]
[WhiteElo "2457"]
[BlackElo "2417"]
[WhiteTeam "Qmal (QNAO)"]
[BlackTeam "Sbornaya Rossii sredi veteranov"]
[WhiteFideId "24104795"]
[BlackFideId "4100263"]
[EventDate "2022.05.01"]

1. e4 e5 2. Nf3 Nc6 3. Bb5 a6 4. Ba4 Nf6 5. Bxc6 dxc6 6. d3 Bd6 7. Nbd2 Be6 8.
b3 Nd7 9. O-O c5 10. Bb2 Qf6 11. Nc4 Bxc4 12. dxc4 O-O-O 13. Ne1 Qg6 14. Qe2 Nf8
15. Nd3 f6 16. a3 Ne6 17. Qe3 Kb8 18. Rad1 Rhe8 19. Rfe1 Bf8 20. a4 a5 21. Bc3
b6 22. Qf3 Rd6 23. h4 Red8 24. g3 Qe8 25. Nb2 Nd4 26. Bxd4 Rxd4 27. Rxd4 Rxd4
28. Rd1 Qd7 29. Rxd4 Qxd4 30. Nd1 c6 31. Ne3 Qd7 32. Kg2 Kc7 33. h5 Qe6 34. Ng4
Be7 35. Ne3 g6 36. Qd1 Bf8 37. Qh1 Qf7 38. hxg6 hxg6 39. Qh3 Qd7 40. Qh4 Qg7 41.
Kf1 Be7 42. Qh3 Qg8 43. Ng2 Bf8 44. Qg4 Bh6 45. Nh4 Bg5 46. Nf3 Bh6 47. Nh4 Bg5
48. Nf3 Bh6 49. Nh4 1/2-1/2

[Event "TCh-RUS HL 2022"]
[Site "Sochi RUS"]
[Date "2022.05.05"]
[Round "5.1"]
[Board "2"]
[White "Kalegin, Evgenij"]
[Black "Savitskiy, Sergey"]
[Result "0-1"]
[WhiteTitle "IM"]
[BlackTitle "IM"]
[WhiteElo "2416"]
[BlackElo "2401"]
[WhiteTeam "Sbornaya Rossii sredi veteranov"]
[BlackTeam "Qmal (QNAO)"]
[WhiteFideId "4103416"]
[BlackFideId "24105660"]
[EventDate "2022.05.01"]

1. e4 c5 2. Nc3 Nc6 3. Bb5 Nd4 4. Nf3 e6 5. a4 a6 6. Bc4 Qc7 7. d3 Nf6 8. Nxd4
cxd4 9. Ne2 Nxe4 10. dxe4 Qxc4 11. Qxd4 Qxc2 12. Be3 Qb3 13. O-O Qb4 14. Rfc1
Qxd4 15. Bxd4 b6 16. Bxb6 Bb7 17. f3 Bd6 18. Rc3 Rc8 19. Rd3 Be5 20. Rad1 O-O
21. Bd4 Bb8 22. b3 Rc2 23. R3d2 Rfc8 24. Kf2 Rxd2 25. Rxd2 f6 26. b4 Rc4 27. Bc5
Bc6 28. a5 Bc7 29. Nd4 Bxa5 30. Nxc6 dxc6 31. Rd6 e5 32. Rxc6 Bxb4 33. Rc8+ Kf7
34. Rf8+ Kg6 35. Bxb4 Rxb4 36. Ra8 Rb2+ 37. Kg3 Ra2 38. Ra7 h5 39. h4 a5 40. Kh3
a4 41. Kg3 a3 42. Kh3 Ra1 43. Kg3 a2 44. Kh2 Kh7 45. Kg3 Kg8 46. Kh2 g6 47. Kg3
f5 48. Kh2 fxe4 49. fxe4 Kf8 50. Kg3 Ke8 51. Kf2 Kd8 52. Kg3 Kc8 53. Kf2 Kb8 54.
Ra4 Kb7 55. Kg3 Kb6 56. Kf2 Kb5 57. Ra8 Kb4 58. Rb8+ Kc3 59. Ra8 Kd4 60. Ra4+
Kd3 61. Kg3 Ke3 62. Kh2 Kf4 0-1

[Event "TCh-RUS HL 2022"]
[Site "Sochi RUS"]
[Date "2022.05.05"]
[Round "5.1"]
[Board "3"]
[White "Potapov, Pavel"]
[Black "Filipenko, Alexander V"]
[Result "1/2-1/2"]
[WhiteTitle "GM"]
[BlackTitle "IM"]
[WhiteElo "2481"]
[BlackElo "2208"]
[WhiteTeam "Qmal (QNAO)"]
[BlackTeam "Sbornaya Rossii sredi veteranov"]
[WhiteFideId "4169786"]
[BlackFideId "4104471"]
[EventDate "2022.05.01"]

1. e4 c5 2. Nf3 Nc6 3. Bb5 e6 4. O-O Nge7 5. Re1 Ng6 6. c3 d5 7. exd5 Qxd5 8. c4
Qh5 9. Nc3 Bd7 10. d4 cxd4 11. Nxd4 Qxd1 12. Rxd1 a6 13. Bxc6 bxc6 14. Be3 Ne5
15. b3 Ng4 16. Nc2 Nxe3 17. Nxe3 f5 18. Na4 c5 19. Nb2 g5 20. Nd3 Bg7 21. Rac1
Rc8 22. g3 g4 23. b4 cxb4 24. Nxb4 a5 25. Nd3 Bc6 26. c5 Bf3 27. Re1 Be4 28. Nf4
Ke7 29. Nxg4 Bb2 30. Rc4 Rhd8 31. Ne3 Ba3 32. f3 Bxc5 33. Rxc5 Rxc5 34. fxe4
fxe4 35. Re2 Rb8 36. Kf2 a4 37. Rd2 a3 38. Nd1 Rbc8 39. Ke3 Rc4 40. Ne2 Kf6 41.
Nf2 Ke5 42. Rd7 Rf8 43. Ng4+ Kf5 44. Rg7 h5 45. Nf2 Ke5 46. Rg5+ Rf5 47. h4 Rc2
48. Nxe4 Rxa2 49. Rg8 Rxe2+ 50. Kxe2 Kxe4 51. Ra8 Rb5 52. Ra4+ Kf5 53. Rxa3 Kg4
54. Ra6 Rb2+ 55. Ke3 Kxg3 56. Rxe6 Kxh4 57. Kf3 Kh3 58. Rh6 h4 59. Rh8 Rb4 60.
Rg8 Kh2 61. Rg2+ Kh1 62. Rg4 Rb3+ 63. Kf2 h3 64. Rg8 Rb2+ 65. Kf1 Rg2 66. Rh8
Kh2 67. Rf8 1/2-1/2

[Event "TCh-RUS HL 2022"]
[Site "Sochi RUS"]
[Date "2022.05.05"]
[Round "5.1"]
[Board "4"]
[White "Rashkovsky, Nukhim N"]
[Black "Sergeyev, Alexander"]
[Result "1/2-1/2"]
[WhiteTitle "GM"]
[BlackTitle "FM"]
[WhiteElo "2441"]
[BlackElo "2328"]
[WhiteTeam "Sbornaya Rossii sredi veteranov"]
[BlackTeam "Qmal (QNAO)"]
[WhiteFideId "4100603"]
[BlackFideId "13702076"]
[EventDate "2022.05.01"]

1. Nf3 Nf6 2. c4 e6 3. d4 b6 4. g3 Ba6 5. Nbd2 Bb4 6. Qb3 c5 7. Bg2 O-O 8. a3
Bxd2+ 9. Bxd2 d5 10. cxd5 exd5 11. Rc1 Re8 12. O-O Bxe2 13. Rfe1 c4 14. Qa4 1/2-1/2

[Event "TCh-RUS HL 2022"]
[Site "Sochi RUS"]
[Date "2022.05.05"]
[Round "5.2"]
[Board "1"]
[White "Chekhov, Sergei"]
[Black "Smirnov, Timofey"]
[Result "1/2-1/2"]
[WhiteTitle "IM"]
[BlackTitle "FM"]
[WhiteElo "2451"]
[BlackElo "2409"]
[WhiteTeam "Inleksis (Voronezhskaya oblast)"]
[BlackTeam "Severnyy kharakter (g. Moskva)"]
[WhiteFideId "4195639"]
[BlackFideId "24176427"]
[EventDate "2022.05.01"]

1. c4 e6 2. e4 d5 3. exd5 exd5 4. d4 c6 5. Nc3 Nf6 6. Bd3 Be7 7. Nge2 O-O 8. O-O
dxc4 9. Bxc4 Nbd7 10. h3 Nb6 11. Bb3 Nbd5 12. Nf4 Qd6 13. Re1 Nxf4 14. Bxf4 Qxf4
15. Rxe7 Bd7 16. Qe2 Rae8 17. Qe5 Qxe5 18. Rxe5 Be6 19. Bxe6 Rxe6 20. Rae1 Rd8
21. Rxe6 fxe6 22. Rxe6 Kf7 23. Re2 Rxd4 24. g3 a6 25. Kg2 b5 26. Rc2 c5 27. Ne2
Re4 28. g4 c4 29. Ng3 Rd4 30. Nf5 Rd3 31. Ne3 Nd5 32. Nxd5 Rxd5 33. h4 1/2-1/2

[Event "TCh-RUS HL 2022"]
[Site "Sochi RUS"]
[Date "2022.05.05"]
[Round "5.2"]
[Board "2"]
[White "Uskov, Artem"]
[Black "Klimentov, Evgeny"]
[Result "1/2-1/2"]
[WhiteTitle "FM"]
[BlackTitle "FM"]
[WhiteElo "2403"]
[BlackElo "2281"]
[WhiteTeam "Severnyy kharakter (g. Moskva)"]
[BlackTeam "Inleksis (Voronezhskaya oblast)"]
[WhiteFideId "34254854"]
[BlackFideId "24128899"]
[EventDate "2022.05.01"]

1. e4 c6 2. d4 d5 3. e5 Bf5 4. Nf3 e6 5. Be2 Nd7 6. O-O a6 7. c4 dxc4 8. Bxc4
Ne7 9. Nc3 Nd5 10. Bg5 Be7 11. Bxe7 Qxe7 12. Bd3 Bxd3 13. Qxd3 O-O 14. Rac1 Nxc3
15. bxc3 Rfd8 16. Qe4 Qa3 17. Rc2 h6 18. Nd2 Qa4 19. Rb2 c5 20. f4 cxd4 21. cxd4
b5 22. Nb3 Rac8 23. Re2 Qc4 24. f5 exf5 25. Rxf5 Nf8 26. Ref2 Rc7 27. Qf3 Qd5
28. Qh5 a5 29. R5f4 Rdd7 30. Nc5 Re7 31. Qf3 Qxf3 32. R4xf3 Ne6 33. Nxe6 Rxe6
34. Rb2 b4 35. a3 Rc4 36. axb4 axb4 37. Rd3 f6 38. Re2 b3 39. Rb2 fxe5 40. dxe5
Rxe5 41. Rdxb3 1/2-1/2

[Event "TCh-RUS HL 2022"]
[Site "Sochi RUS"]
[Date "2022.05.05"]
[Round "5.2"]
[Board "3"]
[White "Aminov, Andrey"]
[Black "Yashmetov, Mikhail"]
[Result "1-0"]
[BlackTitle "FM"]
[WhiteElo "2297"]
[BlackElo "2319"]
[WhiteTeam "Inleksis (Voronezhskaya oblast)"]
[BlackTeam "Severnyy kharakter (g. Moskva)"]
[WhiteFideId "24162728"]
[BlackFideId "24198900"]
[EventDate "2022.05.01"]

1. e4 c5 2. Nf3 Nc6 3. Bb5 d6 4. O-O Bd7 5. Re1 a6 6. Bxc6 Bxc6 7. d4 cxd4 8.
Nxd4 Bd7 9. c4 g6 10. b3 Bg7 11. Bb2 Nf6 12. Nc3 O-O 13. h3 Rc8 14. Qd2 Rc5 15.
a4 Rh5 16. Nd5 Ne8 17. Nf3 e5 18. Kh2 g5 19. Ng1 g4 20. Rad1 gxh3 21. g3 f5 22.
exf5 Rhxf5 23. f4 R8f7 24. Nf3 exf4 25. gxf4 Bxb2 26. Qxb2 Rg7 27. Rg1 Rf7 28.
Ng5 Rf8 29. Rde1 Qa5 30. Re3 Nf6 31. b4 Nxd5 32. cxd5 Qxd5 33. Reg3 Rf6 34. Qxf6
Qa2+ 35. R1g2 1-0

[Event "TCh-RUS HL 2022"]
[Site "Sochi RUS"]
[Date "2022.05.05"]
[Round "5.2"]
[Board "4"]
[White "Sutormin, Danila"]
[Black "Polukhin, Alexander"]
[Result "1/2-1/2"]
[WhiteTitle "FM"]
[WhiteElo "2384"]
[BlackElo "2170"]
[WhiteTeam "Severnyy kharakter (g. Moskva)"]
[BlackTeam "Inleksis (Voronezhskaya oblast)"]
[WhiteFideId "24108669"]
[BlackFideId "34143022"]
[EventDate "2022.05.01"]

1. e4 e6 2. d4 d5 3. Nd2 Nf6 4. e5 Nfd7 5. Bd3 c5 6. c3 Nc6 7. Ne2 cxd4 8. cxd4
f6 9. exf6 Nxf6 10. Nf3 Bd6 11. O-O O-O 12. Bf4 Bxf4 13. Nxf4 Ng4 14. Nh5 e5 15.
dxe5 Ngxe5 16. Be2 Nxf3+ 17. Bxf3 Be6 18. Bg4 Bf7 19. Ng3 Qf6 20. Qb3 Ne5 21.
Be2 Nc4 22. Qxb7 Rfb8 23. Qd7 Rxb2 24. a4 a5 25. Qc7 Qb6 26. Qxb6 Nxb6 27. Rfc1
Rb4 28. Bb5 Be8 29. Bxe8 Rxe8 30. Rc5 Rxa4 31. Rxa4 Nxa4 32. Rxa5 Re1+ 33. Nf1
Nc3 34. f3 Nd1 35. g4 d4 36. Kg2 Re2+ 37. Kg1 d3 38. Rd5 Nb2 39. Ng3 Rc2 40. Ne4
h6 41. h4 Kf7 42. Rd6 Ke7 43. Kf1 Rc4 44. Rb6 Rc1+ 45. Kf2 Rc2+ 46. Kg3 d2 47.
Rb7+ Kf8 48. Rb8+ Kf7 49. Rb7+ Kg8 50. Rb8+ Kh7 51. Nxd2 Rxd2 52. h5 Nc4 53. Rf8
Nd6 54. Kh4 Re2 55. Rd8 Ne8 56. Kg3 Kg8 57. Rd7 Kf8 58. Ra7 Re7 59. Ra3 Kf7 60.
Kf4 Kf6 61. Ra6+ Re6 62. Ra7 Rc6 63. Ra8 Nc7 64. Ra5 Ne6+ 65. Kg3 Rc5 66. Ra3
Rd5 67. Rb3 Ke5 68. Re3+ Kf6 69. Rb3 Nc5 70. Rb6+ Ke5 71. Rb4 Rd7 72. Rf4 Nd3
73. Re4+ Kd5 74. Ra4 Rf7 75. Re4 Ne5 76. Re3 Nc4 77. Rd3+ Ke5 78. Kg2 Ra7 79.
Kg3 Ra3 80. Rd1 Re3 81. Kf2 Rc3 82. Kg3 Ra3 83. Rd7 Kf6 84. Rd4 Ne5 85. Rf4+ Ke6
86. Rf5 Ra7 87. Rf8 Rf7 88. Re8+ Kd5 89. Rd8+ Kc4 90. Rc8+ Kd4 91. f4 Nd3 92.
Rd8+ Ke3 93. Re8+ Kd2 94. Re4 Nc5 95. Re5 Nd3 96. Re4 Nc5 97. Re5 Nd3 1/2-1/2

[Event "TCh-RUS HL 2022"]
[Site "Sochi RUS"]
[Date "2022.05.05"]
[Round "5.3"]
[Board "1"]
[White "Yeletsky, Ivan"]
[Black "Trushnikov, Sergey"]
[Result "1-0"]
[WhiteTitle "FM"]
[WhiteElo "2461"]
[BlackElo "2525"]
[WhiteTeam "Temus Tim (g. Moskva)"]
[BlackTeam "Gorod Armavir (Krasnodarskiy kray)"]
[WhiteFideId "24180327"]
[BlackFideId "34299360"]
[EventDate "2022.05.01"]

1. e4 g6 2. d4 Bg7 3. Nc3 d6 4. Be3 a6 5. Nf3 Nc6 6. d5 Ne5 7. Qd2 Nxf3+ 8. gxf3
e6 9. O-O-O Qh4 10. Kb1 Bh6 11. e5 dxe5 12. d6 cxd6 13. Qxd6 Qe7 14. Qxe7+ Kxe7
15. Bc5+ Kf6 16. Rd8 g5 17. h4 gxh4 18. Ne4+ 1-0

[Event "TCh-RUS HL 2022"]
[Site "Sochi RUS"]
[Date "2022.05.05"]
[Round "5.3"]
[Board "2"]
[White "Vastrukhin, Oleg"]
[Black "Khudyakov, Stanislav"]
[Result "1/2-1/2"]
[WhiteTitle "IM"]
[WhiteElo "2376"]
[BlackElo "2257"]
[WhiteTeam "Gorod Armavir (Krasnodarskiy kray)"]
[BlackTeam "Temus Tim (g. Moskva)"]
[WhiteFideId "4192770"]
[BlackFideId "44131232"]
[EventDate "2022.05.01"]

1. Nf3 d5 2. g3 c6 3. Bg2 Nf6 4. O-O Bg4 5. c4 e6 6. Qb3 Qb6 7. d4 Nbd7 8. Nc3
Be7 9. Bf4 O-O 10. Rfd1 h6 11. h3 Bf5 12. c5 Qxb3 13. axb3 g5 14. Be3 Kg7 15. b4
a6 16. Nd2 Rae8 17. f3 Bg6 18. Bf2 Nh5 19. e4 Bd8 20. Nb3 f5 21. e5 f4 22. g4
Bc2 23. gxh5 Bxb3 24. Rdc1 Bc4 25. Ne4 dxe4 26. Rxc4 e3 27. Be1 Rf7 28. Rc2 Nf8
29. Bf1 Rd7 30. Bc3 Be7 31. Bc4 Kf7 32. Kf1 Red8 33. Ke2 Rxd4 34. Bxd4 Rxd4 35.
Bxa6 bxa6 36. Rxa6 Rxb4 37. Rxc6 Nd7 38. Rc7 Nxe5 39. c6 Rb8 40. b4 Kf6 41. b5
Rxb5 42. Rc8 Bd6 43. c7 Bxc7 44. R2xc7 Rb2+ 45. Rc2 Rxc2+ 46. Rxc2 1/2-1/2

[Event "TCh-RUS HL 2022"]
[Site "Sochi RUS"]
[Date "2022.05.05"]
[Round "5.3"]
[Board "3"]
[White "Rostovtsev, Dmitry"]
[Black "Ivanov, Alexander Al."]
[Result "1/2-1/2"]
[WhiteTitle "FM"]
[BlackTitle "GM"]
[WhiteElo "2299"]
[BlackElo "2400"]
[WhiteTeam "Temus Tim (g. Moskva)"]
[BlackTeam "Gorod Armavir (Krasnodarskiy kray)"]
[WhiteFideId "34278320"]
[BlackFideId "4126360"]
[EventDate "2022.05.01"]

1. e4 d6 2. d4 Nf6 3. Nc3 g6 4. f4 Bg7 5. Nf3 c6 6. e5 Ng8 7. Be3 d5 8. Qd2 f6
9. h3 Nh6 10. g4 f5 11. g5 Ng8 12. O-O-O e6 13. h4 Ne7 14. h5 b6 15. Rh2 Ba6 16.
Bxa6 Nxa6 17. Rdh1 Kd7 18. Qe2 Nc7 19. Kd1 Qc8 20. Ke1 Qa6 21. Qxa6 Nxa6 22. Na4
Rac8 23. Kd2 Rhg8 24. Nc3 Ke8 25. a3 Nc7 26. Nd1 Kf7 27. Nf2 a5 28. Nd3 Ra8 29.
Ke2 Rgc8 30. Nd2 Kg8 31. hxg6 hxg6 32. Rc1 Kf7 33. c4 Rh8 34. Rch1 Rxh2+ 35.
Rxh2 Rh8 36. Rxh8 Bxh8 37. c5 b5 38. Nb3 a4 39. Na5 Na6 40. Nb7 Ke8 41. Bd2 Kd7
42. Ba5 Bg7 43. Kd2 Bf8 44. Bd8 Kc8 45. Bxe7 Bxe7 46. Nd6+ Kd7 47. Kc3 Bd8 48.
Nf7 Ba5+ 49. Kc2 b4 50. Nh8 bxa3 51. bxa3 Nc7 52. Nb2 Nb5 53. Kd3 Ke8 54. Nxa4
Be1 55. Ke2 1/2-1/2

[Event "TCh-RUS HL 2022"]
[Site "Sochi RUS"]
[Date "2022.05.05"]
[Round "5.3"]
[Board "4"]
[White "Derjabin, Ilja"]
[Black "Voinikonis, Nikita"]
[Result "0-1"]
[WhiteTitle "IM"]
[BlackTitle "FM"]
[WhiteElo "2353"]
[BlackElo "2086"]
[WhiteTeam "Gorod Armavir (Krasnodarskiy kray)"]
[BlackTeam "Temus Tim (g. Moskva)"]
[WhiteFideId "14104768"]
[BlackFideId "34187500"]
[EventDate "2022.05.01"]

1. Nf3 d5 2. c4 c6 3. g3 Nf6 4. Bg2 g6 5. O-O Bg7 6. d4 O-O 7. Nc3 dxc4 8. e4 b5
9. Qe2 b4 10. Na4 Ba6 11. Rd1 Bb5 12. Nc5 Nbd7 13. Qe1 a5 14. a4 bxa3 15. Rxa3
Nxc5 16. dxc5 Qc7 17. e5 Nd7 18. e6 Nxc5 19. exf7+ Rxf7 20. Ng5 Rf6 21. Bf4 Rxf4
22. gxf4 Qxf4 23. Ne6 Nxe6 24. Qxe6+ Qf7 25. Qe4 Bxb2 26. Bh3 Qf8 27. Rf3 Bf6
28. Be6+ Kg7 29. Rd7 a4 30. Qf4 a3 31. Rh3 Kh8 32. Bf5 gxf5 33. Qxf5 Qf7 0-1

[Event "TCh-RUS HL 2022"]
[Site "Sochi RUS"]
[Date "2022.05.05"]
[Round "5.4"]
[Board "1"]
[White "Averin, Nikolay"]
[Black "Zakaryan, David"]
[Result "0-1"]
[BlackTitle "IM"]
[WhiteElo "2427"]
[BlackElo "2313"]
[WhiteTeam "Shkola im. M.M. Botvinnika (g. Moskva)"]
[BlackTeam "KOO Federatsiya shakhmat Krasnodarskogo kra"]
[WhiteFideId "24250473"]
[BlackFideId "24101923"]
[EventDate "2022.05.01"]

1. e4 e5 2. Nf3 Nf6 3. Nxe5 d6 4. Nf3 Nxe4 5. Bd3 d5 6. O-O Be7 7. Re1 Nc5 8.
Bf1 O-O 9. d4 Ne4 10. c4 c6 11. Nc3 Nxc3 12. bxc3 Be6 13. Rb1 Qc7 14. Bg5 Re8
15. Bxe7 Rxe7 16. Ng5 Nd7 17. Bd3 Nf6 18. Qc2 h6 19. Nxe6 Rxe6 20. Rxe6 fxe6 21.
Qe2 Re8 22. g3 b6 23. f4 c5 24. Qe5 Re7 25. Re1 cxd4 26. Qxd4 Kf7 27. cxd5 exd5
28. Re5 Qc5 29. Bg6+ Kf8 30. Kg2 Qxd4 31. cxd4 Ng4 32. Rf5+ Kg8 33. Kh3 Ne3 34.
Rh5 b5 35. g4 Re6 36. Bd3 b4 37. Kg3 Nd1 38. Bc2 Re3+ 39. Kh4 Nf2 40. Rxh6 gxh6 0-1

[Event "TCh-RUS HL 2022"]
[Site "Sochi RUS"]
[Date "2022.05.05"]
[Round "5.4"]
[Board "2"]
[White "Gochelashvili, David"]
[Black "Zverev, Lev"]
[Result "1-0"]
[WhiteTitle "IM"]
[BlackTitle "CM"]
[WhiteElo "2393"]
[BlackElo "2117"]
[WhiteTeam "KOO Federatsiya shakhmat Krasnodarskogo kra"]
[BlackTeam "Shkola im. M.M. Botvinnika (g. Moskva)"]
[WhiteFideId "4161203"]
[BlackFideId "24250775"]
[EventDate "2022.05.01"]

1. e4 e5 2. Nf3 Nc6 3. Bc4 Bc5 4. c3 Nf6 5. d3 d6 6. O-O a6 7. Bb3 Ba7 8. Nbd2
O-O 9. h3 Ne7 10. Nh4 Be6 11. Nc4 Nd7 12. Ne3 Bxb3 13. axb3 Nc5 14. b4 Ne6 15.
Qg4 g6 16. g3 Ng7 17. Qf3 Kh8 18. Qf6 Qd7 19. Nf3 Ng8 20. Qh4 f6 21. Kh2 Qf7 22.
g4 Ne6 23. Ng2 f5 24. gxf5 gxf5 25. Ng5 Nxg5 26. Bxg5 f4 27. Ne1 Qg7 28. Rg1 Qd7
29. Nf3 Rae8 30. Rg2 Re6 31. Rag1 Qe8 32. Qg4 Qf7 33. Kh1 Rg6 34. Nh4 Rg7 35.
Nf5 Rg6 36. Qh5 Re6 37. Bh6 Nxh6 38. Nxh6 Rxh6 39. Qxh6 1-0